000 00308nam a22001337a 4500
008 170622b xxu||||| |||| 00| 0 eng d
020 _a9780618731985
041 _aeng
080 _a32
100 _a21
101 _aSHP
245 _aTHE POLITICS OF GLOBALIZATION A READER
_cKESSELMAN,M
942 _2udc
_cBK
999 _c18712
_d18712